S-Bahn Zürich #1 - Statistiken

Allgemein
  • Dieses Quiz wurde 139 mal gespielt
  • Das Durchschnittsergebnis liegt bei 60 aus 105
Antwortstatistiken
S-Bahn Haltestelle % Korrekt
Zürich HB
94%
Hardbrücke
89%
Oerlikon
88%
Stadelhofen
86%
Uster
83%
S2 Zürich Flughafen
83%
Enge
78%
Stettbach
77%
Altstetten
73%
Rapperswil
73%
Wiedikon
73%
Effretikon
72%
S3 Wetzikon
72%
Dietlikon
70%
Thalwil
70%
Affoltern
67%
Bülach
67%
Wädenswil
67%
Horgen
66%
Zug
66%
Meilen
64%
Pfäffikon SZ
64%
Winterthur
64%
Ziegelbrücke
63%
Illnau
61%
Tiefenbrunnen
59%
Herrliberg-Feldmeilen
58%
Kloten
58%
Pfäffikon ZH
58%
Seebach
58%
Küsnacht
56%
Baden
55%
Richterswil
55%
Rüti
55%
Stäfa
55%
Jona
52%
Regensdorf-Watt
52%
Selnau
52%
Urdorf
52%
Lachen
50%
Erlenbach
48%
Zollikon
48%
Adliswil
47%
Bassersdorf
47%
Bubikon
47%
Glattbrugg
47%
Siebnen-Wangen
47%
Bonstetten-Wettswil
45%
Fehraltorf
45%
Affoltern am Albis
44%
Birmensdorf
44%
Langnau-Gattikon
44%
Männedorf
44%
Oberglatt
44%
Opfikon
44%
S6 Uetikon
44%
Brunau
42%
Buchs-Dällikon
42%
Knonau
41%
Mettmenstetten
41%
Leimbach
39%
Otelfingen
39%
Urdorf Weihermatt
39%
Giesshübel
38%
Saalsporthalle
38%
Sood-Oberleimbach
38%
Steinhausen
38%
Hedingen
36%
Kempten
36%
Kloten Balsberg
36%
Sihlwald
36%
Unterterzen
36%
Wettingen
36%
Winkel
36%
Kempraten
34%
Würenlos
34%
Altendorf
33%
Manegg
33%
Küsnacht Goldbach
31%
Uerikon
31%
Feldbach
30%
Otelfingen Golfpark
30%
Steinhausen Rigiblick
28%
Wildpark-Höfli
28%
Sihlau
25%
Keine übereinstimmenden Quizze gefunden
Verteilung der Resultate
Anzahl Personen mit jedem Resultat
Perzentil nach korrekt beantworteten Fragen
Ihre Resultats-Entwicklung
Sie haben dieses Quiz noch nicht gespielt